000 01960cam a22004694i 4500
003 PE-LiUPU
005 20250731184524.0
008 150617s r 000 0 d
035 _a(Sirsi) a18809
040 _aPE-LiUPU
_bspa
_cPE-LiUPU
_erda
049 _aPRUA
082 0 4 _a985.542
_bP471h
_221
110 2 _aPerú. Consejo Nacional de la Universidad Peruana
245 1 0 _aHuamanga, una larga historia /
_cConsejo Nacional de la Universidad Peruana.
264 1 _aLima :
_bCONUP,
_c1974.
300 _a429 páginas ;
_c24 cm
336 _atext
_2rdacontent
337 _aunmediated
_2rdamedia
338 _avolume
_2rdacarrier
500 _a"Homenaje al Sesquicentenario de la Batalla de Ayacucho"--Cubierta.
504 _anotas bibliográficas.
505 0 _aPrimer libro del Cabildo de San Joan de la frontera de Huamanga -- Huamanga entre 1539 y 1547 -- Pedro de Cieza de León -- Damián de la Bandera -- Pedro de Rivera y Antonio de Chávez y de Guevara -- Phelipe Guaman Poma de Ayala -- Cosme Bueno -- Ramón Muñoz -- Demetrio O'Higgins -- José María Blanco -- José Gervasio Alvarez Ordériz -- Mateo Paz Soldán -- Antonio Raimondi -- José de la Riva-Agüero y Osma -- José Luis Fowler -- Luis Alayza y Paz Soldán -- Manuel Jesús Pozo -- Aurelio Miró Quesada.
526 _aP136
526 _aP135
526 _aP134
526 _aP133
526 _aP144
526 _aP143
526 _aP87
526 _aP35
526 _aP20
526 _aP14
526 _aP10
526 _aP06
651 _aHuamanga, Aya. (Perú : Provincia)
_xHistoria
_vColecciones
651 _aHuamanga, Aya. (Perú : Provincia)
_xHistoria
_vDocumentos.
910 _ajck
942 _2ddc
_cBOOK
949 _a985.542 C74
_wDEWEY
_c1
_i16049
_lCCODEBUL1
_mBUL
_p00.00
_r0
_sY
_tBOOK
_u19780822
_xEDUCACION
_zUNKNOWN
_0COMPRA
_o.STAFF. Colección General
999 _c18542
_d18542
980 _81
_gALBERTO SANCHEZ Responsable de Automatización